Психология и алхимия (Запис номер 489018)
[ съкратено ]
| 000 -Лидер | |
|---|---|
| Лидер | 01894nam a2200445 a 4500 |
| 003 - Код на организацията, давaща контролен номер | |
| Код на организацията, даваща контролен номер | BLK |
| 005 - Дата и час на последна редакция | |
| Дата и час на последна редакция | 20250718151130.0 |
| 008 - Елементи от данни с фиксирана дължина | |
| Елементи с фиксирана дължина | 180408b bul|||||r ||||||| ||bul|| |
| 020 ## - Международен стандартен номер на книга ISBN | |
| ISBN | 9786197516296 |
| 040 ## - Източник на каталожния запис | |
| Код на библиотеката | BLK |
| 041 ## - Код за език | |
| Език | Български |
| Език за КДБФ | Български |
| 080 ## - УДК | |
| УДК текст | Психология |
| УДК код | 159.9 |
| УДК – код + определител | 159.9 |
| 080 ## - УДК | |
| УДК текст | Алхимия |
| УДК код | 133.5:54 |
| УДК – код + определител | 133.5:54 |
| 080 ## - УДК | |
| УДК текст | Писменост. Системи на писмо. Знаци и символи. Кодове. Графическо представяне на мисълта. Вж и 744. 9; 801. Семиотика(общи въпр. ) |
| УДК код | 003 |
| УДК – код + определител | 003 |
| 100 1# - Редна дума - Автор | |
| Автор | Юнг, Карл Густав |
| R(LIN) | 364054 |
| 245 10 - Сведения за заглавието | |
| Заглавие | Психология и алхимия |
| Авторска отговорност | Карл Густав Юнг ; прев. Стефан Шаранков. |
| 250 ## - Област на изданието | |
| Поредност на изданието | [2.] изд. |
| 257 ## - Страна на издаване | |
| Страна на създаване/издаване | Швейцария |
| 260 ## - Област на издателските данни | |
| Място на издаване | Плевен |
| Име на издателя | Леге Артис |
| Година на издаване | 2021 |
| 9 (RLIN) | 209808 |
| Издателство - префикс ISBN | 978-954-9933- ; 978-954-8311- |
| 300 ## - Физическа характеристика | |
| Брой страници | 549 с. |
| Илюстрации | с ил., факс. |
| Размер | 25 см |
| 380 ## - Жанр | |
| Жанр | Философия |
| 490 ## - СЕРИИ (Колекции) | |
| Серия | К. Г. Юнг & последователи |
| 9 (RLIN) | 201648 |
| ISSN на серия | ISSN C623-2361 |
| 500 ## - Общи забележки | |
| Обща забележка | Ориг. загл. Psychologie und Alchemie / C. G. Jung. - Офс. изд.<br/>1. изд. 2001 на изд. ЕА, в сер. За човека. |
| 650 #4 - Допълнително описание по предмет – тема | |
| Предметна рубрика | Психология |
| 9 (RLIN) | 168332 |
| 650 #4 - Допълнително описание по предмет – тема | |
| Предметна рубрика | Сънища |
| 9 (RLIN) | 172981 |
| 650 #4 - Допълнително описание по предмет – тема | |
| Предметна рубрика | Алхимия |
| 9 (RLIN) | 146813 |
| 650 #4 - Допълнително описание по предмет – тема | |
| Предметна рубрика | Символи и знаци |
| 9 (RLIN) | 247835 |
| 653 ## - Ключова дума – ненормативна | |
| Ключови думи | психология |
| 653 ## - Ключова дума – ненормативна | |
| Ключови думи | сънища |
| 653 ## - Ключова дума – ненормативна | |
| Ключови думи | алхимия |
| 653 ## - Ключова дума – ненормативна | |
| Ключови думи | символи |
| 653 ## - Ключова дума – ненормативна | |
| Ключови думи | знаци |
| 700 1# - Други автори (авторска отговорност) | |
| Друг автор | Шаранков, Стефан |
| Авт. отговорност на др. автор | прев. |
| 9 (RLIN) | 275208 |
| 852 ## - Местоположение | |
| Сигнатура (форматна) | Цб 316319 |
| Отдел | Хранилище |
| 856 4# - Електронен адрес и достъп | |
| Електронен формат | pdf - файл |
| Инструкция (цена за достъп) | 0.00 |
| Права за достъп | disable |
| 856 4# - Електронен адрес и достъп | |
| Електронен формат | pdf - файл |
| Инструкция (цена за достъп) | 0.00 |
| Права за достъп | disable |
| 942 ## - АРТИКУЛИ | |
| Вид на библиотечния документ | Книги |
| Скрит в OPAC | Не |
| Koha issues (borrowed), all copies | 4 |
| Периодичен библиозапис | Да |
| 944 ## - СЪЗДАВАНЕ И РЕДАКЦИЯ на ЗАПИСА | |
| Създаване/Редакция | Създаване |
| Дата на регистрацията/редакция | 2023 |
| Служител, извършил регистрацията/редакцията | 30530 |
| Номер на служител | Минев Младен |
| 999 ## - СИСТЕМНИ КОНТРОЛНИ НОМЕРА | |
| Koha biblionumber | 489018 |
| Koha biblioitemnumber | 489018 |
| Код за отписване | Код за изгубен артикул | Източник на класификационната схема | Код за повреда | Коз за рестрикции | Код за отдаване | Артикулен № | Име на библиотеката - собственик | Име на библиотеката, в която се намира в момента | Статус (Текущо местоположение) | Дата на вписване в системата | Местоположение - отдел | Цена в лева | Инвентарен номер | Систематично азбучна сигнатура | Баркод | Цена в евро | Служебен тип на артикула |
|---|---|---|---|---|---|---|---|---|---|---|---|---|---|---|---|---|---|
| Не е изгубен | Universal Decimal Classification | Не е повреден | само за читалня | ползва се в читалня | 923822 | Регионална библиотека "Любен Каравелов" Русе | Регионална библиотека "Любен Каравелов" Русе | Хранилище | 2023-03-16 | Хранилище | 40.00 | 120000883077 | Цб 316319 | 120000883077 | 20.45 | Книги | |
| Не е изгубен | Universal Decimal Classification | Не е повреден | заемане за дома | 931283 | Регионална библиотека "Любен Каравелов" Русе | Регионална библиотека "Любен Каравелов" Русе | Заемна - подръчен фонд | 2023-07-21 | Заемна - подръчен фонд | 40.00 | 120000890636 | 159.9/Ю 24 Г | 120000890636 | 20.45 | Книги |